Alle Endspielorte der UEFA Champions League aller Zeiten - Statistiken

Allgemein
  • Dieses Quiz wurde 159 mal gespielt
    70 seit der letzten Aktualisierung
  • Das Durchschnittsergebnis liegt bei 29 aus 61
Antwortstatistiken
Jahr City % Korrekt
1985 München
98%
1959 Madrid
96%
1971 London
93%
1991 Barcelona
91%
2010 Berlin
91%
1977 Lissabon
88%
2009 Lissabon
88%
1957 Paris
88%
1967 Bern
82%
1999 Manchester
82%
1983 Rom
82%
2003 Istanbul
80%
1975 Mailand
79%
2017 Porto
77%
2005 Moskau
75%
1973 Wien
75%
2006 Allianz Arena
73%
1969 Amsterdam
70%
1995 Amsterdam Arena
70%
1965 Glasgow
70%
1984 Olympiastadion
70%
1970 Wembley Stadium
70%
2014 Kiew
68%
1958 Santiago Bernabéu
66%
1990 Camp Nou
63%
2001 Gelsenkirchen
63%
1987 Athen
59%
2012 Cardiff
57%
1998 Old Trafford
50%
1989 Seville
50%
1981 Belgrad
48%
1974 San Siro
48%
1961 Brüssel
46%
2000 Arena AufSchalke
36%
1996 Stade de France
36%
1979 Rotterdam
34%
1997 Saint-Denis
34%
2008 Estadio da Luz
32%
2015 Metropolitano Stadium
30%
1963 Stuttgart
30%
1994 Ernst-Happel-Stadion
25%
2016 Estadio do Dragão
25%
1982 Stadio Olimpico
25%
2011 Millennium Stadium
21%
1960 Heysel Stadium
20%
1966 Wankdorf Stadium
20%
1964 Hampden Park
16%
1972 Praterstadion
16%
1962 Neckarstadion
14%
1978 De Kuip
13%
1956 Parc des Princes
11%
1986 Olympic Stadium
9%
1993 Bari
7%
2002 Atatürk Olympic Stadium
2%
1976 Estadio Nacional
2%
2004 Luzhniki Stadium
2%
1988 Ramón Sánchez Pizjuán
2%
1992 Stadio San Nicola
2%
2013 NSC Olimpiyskiy Stadium
0%
1968 Olympisch Stadium
0%
1980 Red Star Stadium
0%
Keine übereinstimmenden Quizze gefunden
Verteilung der Resultate
Anzahl Personen mit jedem Resultat
Perzentil nach korrekt beantworteten Fragen
Ihre Resultats-Entwicklung
Sie haben dieses Quiz seit der letzten Aktualisierung nicht gespielt